Score 0/25 Timer 04:00
0 Plays Today
Hint Answer % Correct
ALL TIEUQ ON HET WETNRSE RONTFAll Quiet on the Western Front
94%
EAMMEmma
93.7%
TEH GAERSP FO RTAWHThe Grapes of Wrath
93.2%
BKCAL ATEUYBBlack Beauty
93.1%
FTNNERIKSEANFrankenstein
92.7%
MBYO KDCIMoby Dick
92.5%
JENA YREEJane Eyre
90.2%
LEITLT ONMWELittle Women
87.6%
CEMIR ADN USPINEMHTNCrime and Punishment
86.4%
DNO UQITXEODon Quixote
84.8%
OERVIL WTTSIOliver Twist
84.2%
ETH HKCANHUCB OF NTEOR EADMThe Hunchback of Notre-Dame
83.9%
HET SUNOD DNA EHT UFYRThe Sound and the Fury
78.7%
Hint Answer % Correct
UCENL OTMS ABINCUncle Tom's Cabin
74.3%
RBNSOION EUCOSRRobinson Crusoe
65.8%
WTNUGHRIE TEGISHHWuthering Heights
63.7%
HTE TEREH KERMESSUTEThe Three Musketeers
63.5%
PASADEIR OLTSParadise Lost
56.7%
QNEEU CRVTIOAIQueen Victoria
55%
EHT INRMTAECPO OF NEIGB ENSRATEThe Importance of Being Earnest
51.7%
ETH YOLWEL EPAPRLLAWThe Yellow Wallpaper
40.9%
HTE VAOEGSY OF OCROTD ETITLDOLThe Voyages of Doctor Dolittle
33.2%
NIRREAAVT OF EHT FIEL FO RIKDEFREC OGDSALSUNarrative of the Life of Frederick Douglass
30.6%
EHT KRTEUERZ ONAASTThe Kreutzer Sonata
6%
Z RSAACMZ Marcas
5.8%

You're not logged in!

Compare scores with friends on all Sporcle quizzes.
OR
Log In

Sporcle TV

Today on Sporcle TV


Watch our educational content, quiz creation guides, and fun videos on Sporcle TV.

Show Comments

Extras

Top Quizzes Today


Score Distribution

Your Account Isn't Verified!

In order to create a playlist on Sporcle, you need to verify the email address you used during registration. Go to your Sporcle Settings to finish the process.

Report this User

Report this user for behavior that violates our Community Guidelines.

Details: